squadre dell'anno serie A - Statistics

Statistiche generali
  • Questo quiz è stato fatto 1.294 volte
  • Il punteggio medio è 108 su 145
Statistiche sulle risposte
SQUADRA ANNO RUOLO NAZIONE GIOCATORI % Corretto
UDINESE 2011 POR SLOVENIA HANDANOVIC
92%
INTER 2013 POR SLOVENIA HANDANOVIC
92%
INTER 2019 POR SLOVENIA HANDANOVIC
92%
TORINO 2014 ATT ITALIA IMMOBILE
89%
LAZIO 2018 ATT ITALIA IMMOBILE
89%
LAZIO 2020 ATT ITALIA IMMOBILE
89%
LAZIO 2022 ATT ITALIA IMMOBILE
89%
JUVE 2019 ATT PORTOGALLO RONALDO
89%
JUVE 2020 ATT PORTOGALLO RONALDO
89%
JUVE 2021 ATT PORTOGALLO RONALDO
89%
CAGLIARI 2019 CEN ITALIA BARELLA
88%
INTER 2020 CEN ITALIA BARELLA
88%
INTER 2021 CEN ITALIA BARELLA
88%
INTER 2022 CEN ITALIA BARELLA
88%
INTER 2023 CEN ITALIA BARELLA
88%
JUVE 2012 POR ITALIA BUFFON
88%
JUVE 2014 POR ITALIA BUFFON
88%
JUVE 2015 POR ITALIA BUFFON
88%
JUVE 2016 POR ITALIA BUFFON
88%
JUVE 2017 POR ITALIA BUFFON
88%
JUVE 2015 DIF ITALIA BONUCCI
87%
JUVE 2016 DIF ITALIA BONUCCI
87%
JUVE 2017 DIF ITALIA BONUCCI
87%
JUVE 2020 DIF ITALIA BONUCCI
87%
JUVE 2013 DIF ITALIA CHIELLINI
87%
JUVE 2015 DIF ITALIA CHIELLINI
87%
JUVE 2016 DIF ITALIA CHIELLINI
87%
JUVE 2018 DIF ITALIA CHIELLINI
87%
JUVE 2019 DIF ITALIA CHIELLINI
87%
INTER 2023 ATT ARGENTINA LAUTARO MARTINEZ
87%
NAPOLI 2023 DIF COREA DEL SUD KIM MIN JAE
86%
LAZIO 2018 CEN SERBIA MILINKOVIC SAVIC
86%
LAZIO 2022 CEN SERBIA MILINKOVIC SAVIC
86%
LAZIO 2023 CEN SERBIA MILINKOVIC SAVIC
86%
JUVE 2016 ATT ARGENTINA DYBALA
85%
JUVE 2017 ATT ARGENTINA DYBALA
85%
JUVE 2018 ATT ARGENTINA DYBALA
85%
JUVE 2020 ATT ARGENTINA DYBALA
85%
NAPOLI 2014 ATT ARGENTINA HIGUAIN
85%
NAPOLI 2016 ATT ARGENTINA HIGUAIN
85%
JUVE 2017 ATT ARGENTINA HIGUAIN
85%
MILAN 2022 ATT PORTOGALLO LEAO
85%
NAPOLI 2023 ATT GEORGIA KVARA
84%
INTER 2021 ATT BELGIO LUKAKU
84%
NAPOLI 2011 ATT URUGUAY CAVANI
82%
NAPOLI 2012 ATT URUGUAY CAVANI
82%
NAPOLI 2013 ATT URUGUAY CAVANI
82%
MILAN 2020 POR ITALIA DONNARUMMA
82%
MILAN 2021 POR ITALIA DONNARUMMA
82%
NAPOLI 2011 CEN SLOVACCHIA HAMSIK
82%
NAPOLI 2016 CEN SLOVACCHIA HAMSIK
82%
NAPOLI 2017 CEN SLOVACCHIA HAMSIK
82%
MILAN 2022 POR FRANCIA MAIGNAN
82%
NAPOLI 2023 ATT NIGERIA OSIMHEN
82%
JUVE 2012 DIF ITALIA BARZAGLI
81%
JUVE 2013 DIF ITALIA BARZAGLI
81%
JUVE 2014 DIF ITALIA BARZAGLI
81%
JUVE 2016 DIF ITALIA BARZAGLI
81%
NAPOLI 2022 DIF ITALIA DI LORENZO
81%
NAPOLI 2023 DIF ITALIA DI LORENZO
81%
NAPOLI 2016 DIF SENEGAL KOULIBALY
81%
NAPOLI 2017 DIF SENEGAL KOULIBALY
81%
NAPOLI 2018 DIF SENEGAL KOULIBALY
81%
NAPOLI 2019 DIF SENEGAL KOULIBALY
81%
JUVE 2012 CEN ITALIA PIRLO
81%
JUVE 2013 CEN ITALIA PIRLO
81%
JUVE 2014 CEN ITALIA PIRLO
81%
JUVE 2015 CEN ITALIA PIRLO
81%
SAMPDORIA 2019 ATT ITALIA QUAGLIARELLA
81%
FIORENTINA 2022 ATT SERBIA VLAHOVIC
81%
ATALANTA 2019 ATT COLOMBIA ZAPATA
81%
TORINO 2022 DIF BRASILE BREMER
80%
MILAN 2011 ATT SVEZIA IBRAHIMOVIC
80%
MILAN 2012 ATT SVEZIA IBRAHIMOVIC
80%
ROMA 2016 CEN BOSNIA PJANIC
80%
JUVE 2017 CEN BOSNIA PJANIC
80%
JUVE 2018 CEN BOSNIA PJANIC
80%
JUVE 2019 CEN BOSNIA PJANIC
80%
JUVE 2014 CEN FRANCIA POGBA
80%
JUVE 2015 CEN FRANCIA POGBA
80%
JUVE 2016 CEN FRANCIA POGBA
80%
INTER 2021 DIF ITALIA BASTONI
79%
INTER 2022 CEN CROAZIA BROZOVIC
79%
MILAN 2020 DIF FRANCIA HERNANDEZ
79%
MILAN 2021 DIF FRANCIA HERNANDEZ
79%
MILAN 2022 DIF FRANCIA HERNANDEZ
79%
MILAN 2021 CEN COSTA D'AVORIO KESSIE
79%
LAZIO 2023 POR ITALIA PROVEDEL
79%
UDINESE 2011 ATT ITALIA DI NATALE
78%
UDINESE 2012 ATT ITALIA DI NATALE
78%
UDINESE 2013 ATT ITALIA DI NATALE
78%
INTER 2021 DIF MAROCCO HAKIMI
78%
NAPOLI 2023 CEN SLOVACCHIA LOBOTKA
78%
NAPOLI 2017 ATT BELGIO MERTENS
78%
ATALANTA 2021 ATT COLOMBIA MURIEL
78%
MILAN 2022 DIF INGHILTERRA TOMORI
78%
INTER 2020 DIF OLANDA DE VRIJ
77%
INTER 2021 DIF OLANDA DE VRIJ
77%
INTER 2015 ATT ARGENTINA ICARDI
77%
INTER 2018 ATT ARGENTINA ICARDI
77%
JUVE 2013 CEN CILE VIDAL
77%
JUVE 2014 CEN CILE VIDAL
77%
ROMA 2023 DIF INGHILTERRA SMALLING
76%
ROMA 2018 POR BRASILE ALISSON
74%
LAZIO 2020 CEN SPAGNA LUIS ALBERTO
74%
JUVE 2011 CEN ITALIA MARCHISIO
74%
JUVE 2012 CEN ITALIA MARCHISIO
74%
JUVE 2014 ATT ARGENTINA TEVEZ
74%
JUVE 2015 ATT ARGENTINA TEVEZ
74%
ATALANTA 2020 CEN ARGENTINA PAPU GOMEZ
73%
JUVE 2017 DIF BRASILE ALEX SANDRO
72%
JUVE 2018 DIF BRASILE ALEX SANDRO
72%
INTER 2018 DIF PORTOGALLO CANCELO
72%
JUVE 2019 DIF PORTOGALLO CANCELO
72%
ROMA 2015 CEN BELGIO NAINGGOLAN
71%
ROMA 2016 CEN BELGIO NAINGGOLAN
71%
ROMA 2017 CEN BELGIO NAINGGOLAN
71%
ROMA 2018 CEN BELGIO NAINGGOLAN
71%
ATALANTA 2019 CEN SLOVENIA ILICIC
68%
VERONA 2015 ATT ITALIA TONI
66%
MILAN 2011 DIF BRASILE THIAGO SILVA
63%
MILAN 2012 DIF BRASILE THIAGO SILVA
63%
MONZA 2023 DIF BRASILE CARLOS AUGUSTO
61%
ATALANTA 2020 DIF GERMANIA GOSENS
61%
JUVE 2014 DIF GHANA ASMOAH
60%
ROMA 2014 DIF MAROCCO BENATIA
58%
JUVE 2017 DIF BRASILE DANI ALVES
56%
FIORENTINA 2013 CEN SPAGNA BORJA VALERO
50%
ROMA 2019 DIF SEBIA KOLAROV
50%
MILAN 2011 DIF ITALIA NESTA
49%
NAPOLI 2011 DIF ITALIA MAGGIO
45%
NAPOLI 2012 DIF ITALIA MAGGIO
45%
NAPOLI 2013 DIF ITALIA MAGGIO
45%
JUVE 2021 CEN ITALIA CHIESA
43%
MILAN 2013 ATT ITALIA BALOTELLI
34%
MILAN 2011 CEN GHANA BOATENG
34%
EMPOLI 2015 DIF ITALIA RUGANI
31%
TORINO 2014 DIF ITALIA DARMIAN
29%
TORINO 2015 DIF ITALIA DARMIAN
29%
MILAN 2012 CEN ITALIA NOCERINO
24%
INTER 2011 CEN ITALIA THIAGO MOTTA
24%
UDINESE 2011 DIF COLOMBIA ARMERO
23%
INTER 2011 DIF ITALIA RANOCCHIA
23%
MILAN 2013 DIF ITALIA DE SCIGLIO
20%
PALERMO 2012 DIF ITALIA BALZARETTI
19%
Nessun quiz corrispondente trovato
Distribuzione punteggi
Percentuale di utenti per punteggio
Percentile per numero di risposta
I tuoi punteggi nel tempo
Non hai fatto questo quiz